00441cam a22001692 4500001001100000005001700011008004100028020001700069040001500086050002300101100002900124245004300153260003200196300001000228700003000238852000300268000002387220151217152250.0130411s xx 000 0 eng d a0195725441 : aKABUcKABU 0aPL8704b.Y3B8 19831 aYahya, A. S.@000015688410aBuriani /cA. S. Yahya na David Mulwa. aNairobi :bO. U. P.,c1983. a68 p.1 aMulwa, David.@00001567611